000 00728nam a22002177a 4500
005 20150324113328.0
008 140714b xxu||||| |||| 00| 0 Urdu d
010 _aUR-8776
020 q _c114.00
035 _aU-7331
037 _bDBAD/Pub.
040 _aDPL
_bUrdu
082 _a840.92
100 _aمحمد بد ر ا لد ين فر يد ی
245 _aخد ا بخش کے ا حبا ب و معا صر ين
_bمحمد بد ر ا لد ين فر يد ی
246 _aKhuda Bakhsh ke Ahbab -wa- Muasireen
_bBy Mohd .Badaruddin Faridii
260 _aPatna-4
_bMohd .Badaruddin Faridii
_c2012
270 _aKhuda Bakhsh Library,
300 _a200ص
_b22C.m.(PB)
942 _2ddc
_cUR
_h840.92
_mم ح م
999 _c92428
_d92428